Artists with The Most Monthly Listeners - Statistics

General Stats
  • This quiz has been taken 34 times
  • The average score is 8 of 20
Answer Stats
Chg Monthly Listeners
(millions)
Answer % Correct
Neutral 81.07 Taylor Swift
82%
Neutral 68.64 Drake
75%
Neutral 73.54 Ariana Grande
64%
Neutral 79.13 Ed Sheeran
61%
Neutral 86.73 The Weeknd
61%
Neutral 63.47 Bad Bunny
57%
Neutral 61.87 Eminem
57%
Neutral 67.45 Rihanna
50%
Neutral 63.60 Harry Styles
43%
Neutral 78.65 Justin Bieber
43%
Decreasing 58.34 Dua Lipa
36%
Neutral 54.25 Imagine Dragons
25%
Increasing 59.43 Mariah Carey
21%
Neutral 73.69 Sam Smith
21%
Neutral 63.18 Coldplay
18%
Decreasing 57.06 Elton John
18%
Neutral 55.56 Shakira
18%
Neutral 53.86 Sia
14%
Increasing 52.15 Chris Brown
11%
Neutral 66.12 David Guetta
7%
No matching quizzes found
Score Distribution
Percent of People with Each Score
Percentile by Number Answered
Your Score History
You have not taken this quiz